23 English Masters (Record no. 3857)

MARC details
000 -LEADER
fixed length control field 00748nam a22002057a 4500
001 - CONTROL NUMBER
control field 3857
003 - CONTROL NUMBER IDENTIFIER
control field FISKH
005 - DATE AND TIME OF LATEST TRANSACTION
control field 20240517154505.0
008 - FIXED-LENGTH DATA ELEMENTS--GENERAL INFORMATION
fixed length control field 240517b cb ||||| |||| 00| 0 eng d
020 ## - INTERNATIONAL STANDARD BOOK NUMBER
International Standard Book Number 9788184080681
040 ## - CATALOGING SOURCE
Original cataloging agency FISKH
Language of cataloging eng
Transcribing agency FISKH
Modifying agency FISKH
082 ## - DEWEY DECIMAL CLASSIFICATION NUMBER
Classification number 823.01
100 ## - MAIN ENTRY--PERSONAL NAME
Personal name Hammrton, J A
245 ## - TITLE STATEMENT
Title 23 English Masters
Remainder of title from Sir Thomas Elyot to Charles Dickens
260 ## - PUBLICATION, DISTRIBUTION, ETC.
Place of publication, distribution, etc. New Delhi
Name of publisher, distributor, etc. Indiana publishing house,
Date of publication, distribution, etc. 2011
300 ## - PHYSICAL DESCRIPTION
Extent 884 pages :
520 ## - SUMMARY, ETC.
Summary, etc. A collection of classic short stories beginning in the 15th century and progressing up to the 19th century. There is also a history of English short story writing that is discussed in the beginning pages of the book.
650 ## - SUBJECT ADDED ENTRY--TOPICAL TERM
Topical term or geographic name entry element Short Stories
942 ## - ADDED ENTRY ELEMENTS (KOHA)
Source of classification or shelving scheme Dewey Decimal Classification
Koha item type Books
Suppress in OPAC No
Holdings
Withdrawn status Lost status Source of classification or shelving scheme Damaged status Not for loan Collection Home library Current library Shelving location Date acquired Total Checkouts Full call number Barcode Date last seen Price effective from Koha item type
    Dewey Decimal Classification     Fiction Footprints International School Library Network Toul Kork Campus Footprints International School Library Network Toul Kork Campus A TK Campus, 4th Floor, Room B401, Fiction Bookcases (1-6) 05/17/2024   HAM 823.01 2024-0637 05/17/2024 05/17/2024 Books